|
|
|
|
| LEADER |
00000nam0a2200000 4500 |
| 001 |
285460 |
| 005 |
20231101235809.0 |
| 020 |
|
|
|a RU
|b 85-24785
|
| 035 |
|
|
|a (RuTPU)RU\TPU\book\309702
|
| 090 |
|
|
|a 285460
|
| 100 |
|
|
|a 20150225d1985 m y0rusy5003 ca
|
| 101 |
1 |
|
|a rus
|c eng
|
| 102 |
|
|
|a RU
|
| 105 |
|
|
|a a z 000zy
|
| 200 |
1 |
|
|a Аутогенная тренировка. Путь к восстановлению здоровья и работоспособности
|e пер. с англ.
|f Х. Линдеман
|
| 205 |
|
|
|a 2-е изд.
|
| 210 |
|
|
|a Москва
|c Физкультура и спорт
|d 1985
|
| 215 |
|
|
|a 133 с.
|c ил.
|
| 225 |
1 |
|
|a Физкультура и здоровье
|
| 606 |
1 |
|
|a Аутогенная тренировка
|x Медицина
|2 stltpush
|3 (RuTPU)RU\TPU\subj\29813
|9 53072
|
| 610 |
1 |
|
|a самовнушение
|
| 610 |
1 |
|
|a здоровье
|
| 610 |
1 |
|
|a работоспособность
|
| 610 |
1 |
|
|a оздоровление
|
| 610 |
1 |
|
|a тренировочные упражнения
|
| 610 |
1 |
|
|a заболевания
|
| 610 |
1 |
|
|a сердце
|
| 610 |
1 |
|
|a зрение
|
| 610 |
1 |
|
|a слух
|
| 610 |
1 |
|
|a страхи
|
| 610 |
1 |
|
|a преодоление
|
| 675 |
|
|
|a 615.8
|z rus
|v 3
|
| 700 |
|
1 |
|a Линдеман
|b Х.
|g Ханнес
|4 070
|
| 801 |
|
0 |
|a RU
|b RuMRKP
|c 19950704
|g psbo
|
| 801 |
|
1 |
|a RU
|b 63413507
|c 20150225
|
| 801 |
|
2 |
|a RU
|b 63413507
|c 20171102
|g RCR
|
| 942 |
|
|
|c BK
|